Gaff topsails

Kaydedildi:
Detaylı Bibliyografya
Yazar: Patrick Kavanagh
Materyal Türü: Kitap
Dil:Undetermined
Baskı/Yayın Bilgisi: Ontario, Canada Cormorant Books 1996
Konular:
Etiketler: Etiketle
Etiket eklenmemiş, İlk siz ekleyin!
Thư viện lưu trữ: Trung tâm Học liệu Trường Đại học Cần Thơ
LEADER 00505nam a2200181Ia 4500
001 CTU_41270
008 210402s9999 xx 000 0 und d
082 |a 813.54 
082 |b K22 
100 |a Patrick Kavanagh 
245 0 |a Gaff topsails 
245 0 |c Patrick Kavanagh 
260 |a Ontario, Canada 
260 |b Cormorant Books 
260 |c 1996 
650 |a canadian fiction,canadian literature - 20th century 
904 |i Minh, 010517 
980 |a Trung tâm Học liệu Trường Đại học Cần Thơ